Normal view
MARC view
- Burstall, Tim,
Entry Personal Name
001 - CONTROL NUMBER
- control field: 25997
003 - CONTROL NUMBER IDENTIFIER
- control field: NUST
005 - DATE AND TIME OF LATEST TRANSACTION
- control field: 20191121111359.0
008 - FIXED-LENGTH DATA ELEMENTS
- fixed length control field: 191121|| aca||aabn | a|a d
040 ## - CATALOGING SOURCE
- Original cataloging agency: NUST
- Transcribing agency: NUST
100 ## - HEADING--PERSONAL NAME
- Personal name: Burstall, Tim,
- Dates associated with a name: 1954-
670 ## - SOURCE DATA FOUND
- Source citation: Work cat.: (NUST)0: Burstall, Tim, 1954-, Bulk water pipelines /, 1997.
